Los seis grandes temas de la metafísica occidental
সংরক্ষণ করুন:
| প্রধান লেখক: | |
|---|---|
| বিন্যাস: | গ্রন্থ |
| ভাষা: | স্প্যানিশ |
| প্রকাশিত: |
Madrid
Revista de Occidente
1946
|
| সংস্করন: | 2a. ed |
| বিষয়গুলি: | |
| ট্যাগগুলো: |
ট্যাগ যুক্ত করুন
কোনো ট্যাগ নেই, প্রথমজন হিসাবে ট্যাগ করুন!
|
MARC
| LEADER | 00000nam a2200000 a 4500 | ||
|---|---|---|---|
| 001 | UCZ4179 | ||
| 003 | CL-VaPUC | ||
| 008 | 951106e19460000SP |||||||||||||||||spa|d | ||
| 082 | 0 | 4 | |a 110 |b HEI |2 21 |
| 100 | |a Heimsoeth, Heinz |e author |9 350519 | ||
| 245 | 1 | 4 | |a Los seis grandes temas de la metafísica occidental |
| 250 | |a 2a. ed | ||
| 300 | |a 349 p | ||
| 942 | |c BK | ||
| 945 | |d 19951106 00:00:00 |a cmena | ||
| 260 | |a Madrid |b Revista de Occidente |c 1946 | ||
| 600 | 0 | |a Dios |9 314467 | |
| 650 | 0 | |a Metafísica |9 265649 | |
| 650 | 7 | |a SER |2 CL-VaPUC |9 320176 | |
| 650 | 0 | |a Ontología |9 256850 | |
| 650 | 0 | |a Escuelas filosóficas |9 266232 | |
| 650 | 0 | |a Voluntad |9 307812 | |
| 650 | 0 | |a Inteligencia |9 267038 | |
| 650 | 0 | |a Creencia Religiosa |9 316904 | |
| 583 | |a last modification |c 19951106 00:00:00 |k Rodrigo Vera | ||
| 999 | |c 240596 |d 240594 | ||
| 952 | |0 0 |1 0 |4 0 |6 110_000000000000000_HEI_1946 |7 0 |8 P |9 252554 |a BIBEDU |b BIBEDU |c BIBEDU_PB |d 2019-11-18 |i 1594060 |o 110 HEI 1946 |p 1594060 |r 2024-01-25 |w 2019-11-18 |y BK |k FIL | ||